000 00865nam a2200217Ia 4500
999 _c39199
_d39199
001 5785
003 GE_BSU
005 20190516185835.0
008 181216s1974||||ge |||||||||||||| ||geo||
040 _cGE_BSU
041 _aGEO
080 _a696.2(075.8) მ-23
100 _aმუსერიძე, ა.
_91266
245 _aაირმომარაგება ნაწილი I :
_bსახელმძღვ. /
_cა. მუსერიძე ; რედ. ალ. ქებულაძე.
264 _aთბილისი :
_bგანათლება,
_c1974.
300 _a188 გვ. :
_bნახაზები ;
_c20 სმ.
504 _aბიბლიოგრ. : გვ.188.
653 _aაირმომარაგება
700 _aქებულაძე, ალ.
_eრედაქტორი
_91267
942 _cBK
_2udc